000 00850nam a2200265Ia 4500
003 OSt
005 20220927105757.0
006 a|||||r|||| 00| 0
007 ta
008 220926b |||||||| |||| 00| 0 eng d
020 _a9789351391982
024 _a203256
037 _cReference Collections
040 _aRTL
_cRTL
_beng
041 _2eng
_aeng
082 _a"X724.2.N9, Q4/TD"
100 _aAHUJA Girish
_9374996
245 0 _aBHARAT'S SYSTEMATIC approach to taxation
_b Containing income tax and indirect taxes (As applicable for Assessment Year 2015-16)
250 _a33rd
260 _aNew
_b"Delhi, Bharat Law House, "
_c2014
300 _a754p
_ccm.
700 _a GUPTA Ravi
_9374997
942 _h"X724.2.N9, Q4/TD"
_cCC
999 _c694633
_d694633